01277nam a22002897a 4500003000400000005001700004008004100021040002200062082001800084100002500102245003000127260006000157300002100217366000800238490002700246505008600273505023900359505001200598650005500610650004700665650004800712650004300760650004500803650005600848650004700904700003600951OSt20230621125005.0221006b |||||||| |||| 00| 0 eng d cBiblioteca Lado V a709.05bG851a aGriffin, Timeeditor aArtforum/bInternacional/ aNew Yorkc1993bNew York editorial and business offices c26.5x27cma210p. espa aEnerov1993x0864-1315 tCOLUMNSaGlamour Wounds Democracy Press Special Effects Books Real Life Rock tFEATURESgHi-Yo Silver: Cady Noland's America Soul City: An Interview with Alan Rudolph Philip-Lorca diCorcia A Riddle Wrapped in Mystery inside an Enigma The Future of the National Endowment for the Arts Cindy Sherman Openings tREVIEWS 2Tesauro de Arte & ArquitecturaaARTE COMTEMPORANEO 2Tesauro de Arte & ArquitecturaaFOTOGRAFIA 2Tesauro de Arte & ArquitecturaaARTE VISUAL 2Tesauro de Arte & ArquitecturaaLIBROS 2Tesauro de Arte & ArquitecturaaNOTICIAS 2 Tesauro de Arte & ArquitecturaaARTE INTERNACIONAL 2 Tesauro de Arte & ArquitecturaaESCULTURA aNavarreta, Jose Antonioeeditor